Men are from Mars, Women are from Venus: (Record no. 617434)
[ view plain ]
| 000 -LEADER | |
|---|---|
| fixed length control field | 00478 a2200157 4500 |
| 001 - CONTROL NUMBER | |
| control field | 89148 |
| 003 - CONTROL NUMBER IDENTIFIER | |
| control field | NUST |
| 082 ## - DEWEY DECIMAL CLASSIFICATION NUMBER | |
| Classification number | 646.78 GRA |
| 100 ## - MAIN ENTRY--PERSONAL NAME | |
| Personal name | Gray, John |
| 9 (RLIN) | 9780 |
| 245 ## - TITLE STATEMENT | |
| Title | Men are from Mars, Women are from Venus: |
| Remainder of title | the definitive guide to relationships / |
| Statement of responsibility, etc. | John Gray |
| 260 ## - PUBLICATION, DISTRIBUTION, ETC. | |
| Place of publication, distribution, etc. | New York |
| Name of publisher, distributor, etc. | Harper Collins |
| Date of publication, distribution, etc. | 2012 |
| 300 ## - PHYSICAL DESCRIPTION | |
| Extent | xi, 307p. |
| 500 ## - GENERAL NOTE | |
| General note | General Books |
| 650 ## - SUBJECT ADDED ENTRY--TOPICAL TERM | |
| Topical term or geographic name entry element | explores the fundamental psychological, communication |
| 9 (RLIN) | 134435 |
| 942 ## - ADDED ENTRY ELEMENTS (KOHA) | |
| Koha item type | Book |
| Call number prefix | 646.78 GRA |
| Source of classification or shelving scheme | |
| Withdrawn status | Lost status | Source of classification or shelving scheme | Damaged status | Not for loan | Permanent Location | Current Location | Shelving location | Date acquired | Total Checkouts | Full call number | Barcode | Date last seen | Price effective from | Koha item type |
|---|---|---|---|---|---|---|---|---|---|---|---|---|---|---|
| Military College of Signals (MCS) | Military College of Signals (MCS) | General Stacks | 05/13/2026 | 646.78 GRA | MCS39007 | 05/13/2026 | 05/13/2026 | Book |
